| 000 | 01204nam a2200229Ia 4500 | ||
|---|---|---|---|
| 001 | L200-58089 | ||
| 003 | IT-CnALBA | ||
| 008 | 170116s9999||||xx |||||||||||||| ||und|| | ||
| 040 |
_aIT-CnALBA _cIT-CnALBA |
||
| 041 | _aITALIANO | ||
| 100 | _aMERCANTE VINCENZO | ||
| 245 | 0 | _aIL TEMPIO, LA TORAH, LA VERITÀ. | |
| 250 | _a1a ed. | ||
| 260 |
_a UDINE _bSEGNO, EDIZIONI _c2004 [1° Ed.:2004 - Ed.Ling.Originale: 2004] |
||
| 300 | _a104 p. | ||
| 500 | _aIL TEMPIO DI GERUSALEMME. EBRAISMO E CRISTIANESIMO. CONTINUITÀ E DIALOGO. LA MISERICORDIA CHIAVE DI LETTURA NELLA BIBBIA. IL TIMORE DI DIO È ESPRESSIONE BASILARE DELLA RELIGIOSITÀ EBRAICA. STORIA DEL CANONE BIBLICO E PRINCIPI TEOLOGICI. DIFFERENZE TRA CON | ||
| 501 | _aSocietà San Paolo EM - Piazza San Paolo, 14 - 12051 ALBA (CN) (non commercial uses only) ® Copyright 2017 | ||
| 520 | _aIL TEMPIO DI GERUSALEMME. EBRAISMO E CRISTIANESIMO. CONTINUITÀ E DIALOGO. LA MISERICORDIA CHIAVE DI LETTURA NELLA BIBBIA. IL TIMORE DI DIO È ESPRESSIONE BASILARE DELLA RELIGIOSITÀ EBRAICA. STORIA DEL CANONE BIBLICO E PRINCIPI TEOLOGICI. DIFFERENZE TRA CON | ||
| 650 | _aRELIGIONE - RELIGIONE CRISTIANA | ||
| 942 | _cBK | ||
| 957 | _71 | ||
| 999 |
_a78606 _bNO _g Copie: 1 _c317954 _d317954 |
||